00713cam a2200205 a 4500020002200000020002200022040000800044082002600052245002600078260005300104300002700157490004000184500006700224650002500291700001800316700002100334700002000355856006600375856006600441 a0120671018 (v. 1) a0198552920 (v. 4) cDLC00a541 ACA 1991 A109 Or.00aInclusion compounds / aLondon ;aOrlando :bAcademic Press,c1984-1991. a5 v. :bill. ;c24 cm.1 av. 4-5: Oxford science publications aVol. 4-5 imprint: Oxford ; New York : Oxford University Press. 0aClathrate compounds.1 aAtwood, J. L.1 aDavies, J. E. D.1 aMacNicol, D. D.42uhttp://www.loc.gov/catdir/enhancements/fy0638/83072135-d.html41uhttp://www.loc.gov/catdir/enhancements/fy0638/83072135-t.html